Allgemeinwissen Test 1 - Wie schlau bist du? - Statistiken

Allgemein
  • Dieses Quiz wurde 1.600 mal gespielt
  • Das Durchschnittsergebnis liegt bei 20 aus 42
Antwortstatistiken
Hint Antwort % Korrekt
Wieviele Bundesländer hat die Bundesrepublik Deutschland? 16
99%
Wieviele der heutigen Bundesländer gehörten zur DDR? 5
93%
Wieviele Weltmeistersterne sind auf dem Trikot der deutschen Herrennationalmannschaft im Fußball zu sehen? 4
87%
Wieviele Nachbarländer hat Frankreich? 8
83%
Wer trat bei den US-amerikanischen Präsidentschaftswahlen 2020 gegen Joe Biden für die Republikaner an? Donald Trump
82%
Welches Land befindet sich seit den 1940er Jahren im Konflikt mit Palästina? Israel
81%
Wer war der erste Bundeskanzler Deutschlands? Konrad Adenauer
81%
Wie heißt die größe Trockenwüste der Welt? Sahara
77%
Welches Land griff Deutschland am 1. September 1939 an? Polen
72%
In welchem Ozean liegt der Mariannengraben? Pazifik
68%
In welchem Jahr wurde die Bundesrepublik Deutschland gegründet? 1949
65%
Wie nennt man einen erwerbbaren Unternehmensanteil? Aktie
61%
Wie heißen die positiven Teilchen in Atomen? Protonen
60%
Welcher altgriechische Mathematiker entdeckte einen mathematischen Satz zur Berechnung von Seitenlängen von rechtwinkligen Dreiecken? Pythagoras
60%
Wie lautet der Imperativ Präsens in der 1. Person Singular von "sprechen"? sprich
60%
Welche Musikrichtung ist um 1900 in New Orleans entstanden? Jazz
59%
Wer gilt aktuell als erfolgreichste Sängerin der Welt? Taylor Swift
59%
Was ist das meistgenutzte Soziale Netzwerk 2024? Facebook
56%
Wieviele Verse hat ein Sonett typischerweise? 14
55%
Nach welcher Insel ist eine Programmiersprache benannt? Java
45%
Wer komponierte "Die vier Jahreszeiten"? Antonio Vivaldi
44%
Wie lautet die Abkürzung der sozialistischen Partei der DDR? SED
43%
Wieviele Staaten gehören zu den Vereinten Nationen? 193
42%
Wie heißt die höchste Stimmlage von Frauen? Sopran
42%
Welche literarische Epoche dauerte von 1795 bis 1840 an? Romantik
39%
Wer war der erste römische Kaiser? Augustus
37%
Welche Kunstpoche folgte auf den Impressionismus? Expressionismus
37%
Wie heißt das Wirtschaftssystem der BRD? Soziale Marktwirtschaft
33%
Wie lautet dieses, in IPA geschriebene Wort, in deutscher Schreibweise: [ˌʃplɪtɐfaːzɐˈnakt] splitterfasernackt
32%
Welcher tschechische Schriftsteller verfasste "Der Prozess"? Franz Kafka
31%
Was wurde 2024 zum Jugendwort des Jahres gewählt? Aura
28%
Welcher Trierer Ökonom des 19. Jahrhunderts hat die Arbeiterbewegung geprägt? Karl Marx
26%
Welche Architekturepoche hat Steinstrukturen mit großen Glasflächen, gebündelten Säulen, spitzen Türmen, großen Bögen, aufwendigen Verzierungen, Rippengewölben und Strebebögen? Gotik
25%
Welche US-amerikanische Frau gilt als erfolgreichste Turnerin der Welt? Simone Biles
24%
Wann wurde der erste Computer vorgestellt? 1941
21%
Wie hieß der Machthaber der DDR von 1950 bis 1971? Walter Ulbricht
18%
Welcher Zellbestandteil ist in Tierzellen für die Zellatmung zuständig? Mitochondrium
13%
Wie lautet die 2. Person Singular von "lügen" im Konjunktiv I, Futur II? (Antwort mit Personalpronomen!) Du werdest gelogen haben
11%
Was ist Nepals offizieller Nationalsport? Volleyball
6%
Wer führte die Bauern Thüringens 1525 in der Schlacht bei Frankenhausen an? Thomas Müntzer
4%
Welcher deutsch-schweizerische Künstler hat unter anderem Heinrich VIII porträtiert? Hans Holbein
3%
Wie nennt man die Halbleiterchips in technischen Gebrauchsartikeln wie Waschmaschinen? Mikrocontroller
3%
Keine übereinstimmenden Quizze gefunden
Verteilung der Resultate
Anzahl Personen mit jedem Resultat
Perzentil nach korrekt beantworteten Fragen
Ihre Resultats-Entwicklung
Sie haben dieses Quiz noch nicht gespielt